MARC

Tag First Indicator Second Indicator Subfields
LEADER 00000cas a2200000 a 4500
001 in00000080548
005 20151008052938.0
008 751101d19501975tnuhr1 s0 a0eng d
010 |a a 52004367   |z sn 88000351  
019 |a 645027  |a 5190523 
022 0 |a 0497-2295 
035 |a (OCoLC)ocm01767276 
040 |a MUL  |c MUL  |d COO  |d NSD  |d IXA  |d OCL  |d NSD  |d DLC  |d NST  |d DLC  |d OCL  |d HUL  |d DLC  |d NYG  |d UtOrBLW 
042 |a lc  |a nsdp 
049 |a TXAM 
050 0 0 |a Z674  |b .T45 
082 1 0 |a 020  |2 11 
210 0 |a Univ. Tenn. libr. lect. 
222 0 |a University of Tennessee library lectures 
245 0 0 |a University of Tennessee library lectures. 
246 1 0 |a Library lectures 
264 1 |a Knoxville :  |b Division of University Extension, University of Tennessee,  |c 1952- 
264 4 |c ©1976 
300 |a 9 volumes ;  |c 23 cm. 
310 |a Triennial 
336 |a text  |b txt  |2 rdacontent 
337 |a unmediated  |b n  |2 rdamedia 
338 |a volume  |b nc  |2 rdacarrier 
362 0 |a No. 1 to 3 (1949 and 50)-no. 25, 26, and 27 (1973-75). 
490 1 |a 1952/54: University of Tennessee record. Extension series 
515 |a Each issue is comprised of 3 combined no. 
550 |a Issued by: the University of Tennessee, Division of University Extension, 1949-1954; University of Tennessee, 1955-1975. 
580 |a The Cushing Library/Lowman/Powell copies form part of the Lawrence Clark Powell Section of the Al Lowman Printing Arts Collection and Research Archive. 
650 0 |a Academic libraries. 
710 2 |a University of Tennessee (Knoxville campus).  |b Division of University Extension. 
710 2 |a University of Tennessee (Knoxville campus) 
710 2 |a University of Tennessee, Knoxville. 
773 0 |t Al Lowman Printing Arts Collection and Research Archive. 
785 0 0 |a University of Tennessee, Knoxville. Library.  |t Library lectures, the University of Tennessee, Knoxville  |x 0270-059X  |w (DLC) 80643652  |w (OCoLC)5190374 
830 0 |a University of Tennessee record, extension series. 
850 |a DLC  |a MH  |a N  |a NcRS  |a PU  |a TxU 
994 |a C0  |b TXA 
999 |a MARS 
999 f f |s ccf09199-de34-33bc-8a5b-6d3a828bd9d9  |i 7d01a0c0-3544-3f48-9918-496d51b80d09  |t 0 
952 f f |p ric  |a Texas A&M University  |b Rellis Campus  |c Joint Library Facility  |d Remote Storage  |t 0  |e Z674 .T45  |h Library of Congress classification  |i unmediated -- volume  |k no.22-24  |l 1970-1972  |m A14841241484 
952 f f |p ric  |a Texas A&M University  |b Rellis Campus  |c Joint Library Facility  |d Remote Storage  |t 0  |e Z674 .T45  |h Library of Congress classification  |i unmediated -- volume  |k no.25-27  |l 1973-1975  |m A14841241442 
952 f f |p noncirc  |a Texas A&M University  |b College Station  |c Cushing Memorial Library & Archives  |d Cushing: Lowman (Does not check out)  |t 0  |e Z674 .T45  |h Library of Congress classification  |i unmediated -- volume 
952 f f |p ric  |a Texas A&M University  |b Rellis Campus  |c Joint Library Facility  |d Remote Storage  |t 0  |e Z674 .T45  |h Library of Congress classification  |i unmediated -- volume  |k no.16-18  |l 1964-1966  |m A14841241395 
952 f f |p ric  |a Texas A&M University  |b Rellis Campus  |c Joint Library Facility  |d Remote Storage  |t 0  |e Z674 .T45  |h Library of Congress classification  |i unmediated -- volume  |k no.19-21  |l 1967-1969  |m A14841241476 
998 f f |a Z674 .T45  |s no.16/18-25/27 (1964/1966-1973/1975)  |t 0  |l Remote Storage 
998 f f |a Z674 .T45  |s no.4/6 (1952/1954)  |t 0  |l Cushing: Lowman (Does not check out)